000 00464nam a2200181Ia 4500
008 131103s9999 xx 000 0 und d
020 _a0 450 00496 1
040 _aLoreto College
041 _aEnglish
082 _aF/CRO
_bLCBED/11129
100 _aCronin, A. J.
245 _aHatter's castle
_cA. J. Cronin
260 _aLondon
_bNew English Library
_c1987
300 _a600p.
_c 19cm.
650 _aEnglish fiction
850 _aLCBED/F/CRO
942 _cBK
999 _c32525
_d83004